L'Art grec - Statistiques

Statistiques générales
  • Ce quiz a été pris 18 fois
  • Le résultat moyen est 7 sur 15
Statistiques - réponses
Question Réponse % Correct
Quel est le nom du célèbre temple dédié à la déesse Athéna à Athènes ? Le Parthénon
90%
De quelle couleur sont (généralement) les figures sur les céramiques les plus anciennes ? Noires
80%
Par quelle couleur sont-elles remplacées ? Rouge
80%
Comment appelle t-on les sculptures archaïques représentant une jeune fille drapée ? Korè
70%
Comment appelle t-on les sculptures archaïques représentant un jeune homme nu ? Kouros
70%
Comment appelle t-on les feuilles présentent sur les colonnes d'ordre corinthien ? Feuilles d'acanthe
60%
Quelle célèbre sculpture représentant un lanceur de disque est attribuée à Myron ? Le Discobole
60%
Combien de cannelures possèdent les colonnes d'ordre dorique ? 20
50%
Qui a sculpté le Doryphore ? Polyclète
40%
Combien de cannelures possèdent les colonnes d'ordre ionique ? 24
30%
Que contient leur chapiteau ? Des volutes
30%
Comment est leur chapiteau ? Plat
20%
Par qui a t-il été construit ? Ictinos
10%
A partir de quand changent t-elles de couleur ? Vers 525 av JC
10%
Quelle célèbre sculpture représentant un jeune dieu appuyé contre un arbre sur lequel monte un lézard doit-on à Praxitèle ? L'Apollon Sauroctone
0%
Aucun quiz correspondant
Distribution des résultats
% des personnes avec chaque résultat
Percentile par nombre de réponses
Votre historique - résultats
Vous n’avez pas pris ce quiz